| 000 | 01268nam a2200301 a 4500 | ||
|---|---|---|---|
| 999 |
_c327576 _d327576 |
||
| 003 | BLK | ||
| 005 | 20240302113709.0 | ||
| 008 | 181211b bu a|||gr|||| 00| 0 bu d | ||
| 020 | _a9786191993567 | ||
| 040 | _aBLK | ||
| 041 |
_aBUL _cBUL |
||
| 080 |
_aНемска литература _b821.112.2 _x-93-31 _z821.112.2-93-31 |
||
| 100 |
_aДжон, Кирстен _eпърви автор _91299 |
||
| 139 |
_aДжон, Кирстен _bД 52 |
||
| 240 | _aIch, Kater Schewi und der jüngste Opa der Welt | ||
| 245 |
_aАз, котаракът Шеви и най-младият дядо на света _cКирстен Джон ; ил. Кай Шютлер ; прев. от нем. Мила Георгиева Петрова |
||
| 260 |
_9209475 _aСофия _bФют _c2018 _fМултипринт ЕООД |
||
| 300 |
_a173 с. _bс ил. _c20 см |
||
| 380 | _aDX | ||
| 500 | _aОриг. загл.: Ich, Kater Schewi und der jüngste Opa der Welt / Kirsten John | ||
| 700 |
_9599 _aШютлер, Кай _eил. |
||
| 700 |
_9340844 _aПетрова, Мила Георгиева _eпрев. |
||
| 852 | _aЦб 292366 | ||
| 942 |
_cKNG _n0 _017 |
||
| 944 |
_aCR _c2018-12-11 _k30551 _lБояна Костадинова |
||
| 999 | _d327576 | ||
| 999 | _d327576 | ||